000 00571nam a2200217Ia 4500
003 OSt
005 20220926044015.0
006 a|||||r|||| 00| 0
007 ta
008 220923b |||||||| |||| 00| 0 eng d
037 _cGeneral Book
040 _aRTL
_cRTL
_beng
041 _2eng
_aeng
082 _aY1662, J9
100 _aDavis Stanley Powell
_9348432
245 0 _aMentally retarded in Society
260 _c1959
650 _aPhysically Handicap
_9348433
942 _hY1662, J9
_cGB
_2CC
999 _c673737
_d673737